000 00382nam a2200157Ia 4500
008 230711s9999||||xx |||||||||||||| ||und||
020 _a978-81-85749-10-5
041 _aENG
082 _a658
_bRA-M
100 _aRajput,R.K
245 0 _aMaterial science and processing
250 _aR/4th Ed.
260 _c2016
_aNew Delhi
_bS.K Kataria & Sons
650 _aPhysics
942 _cBK
999 _c2633
_d2633